Sports Quiz

Random Sports or NCAA Quiz

Missing Team Blitz per Conference FBS Quiz Stats

 Plays Quiz not verified by Sporcle

Score 0/12 Timer 03:00
0 Plays Today
Conference Team % Correct
Pac 10California Los Angeles
94.5%
Big 10Northwestern
80.8%
IndependentsNotre Dame
78.4%
Big 12Iowa State
78%
SECVanderbilt
70.4%
ACCBoston College
68%
Big EastLouisville
59.8%
Mountain WestColorado State
29.2%
WACUtah State
28.5%
Conference USATulane
27.8%
MACBuffalo
27.5%
Sun BeltWestern Kentucky
17.9%

You're not logged in!

Compare scores with friends on all Sporcle quizzes.
OR
Log In

Show Comments

Extras

Created Nov 19, 2010ReportNominate
Tags:NCAA Quiz, ACC, Big 10, Big 12, FBS, Pac-12, SEC

Top Quizzes Today


Score Distribution

Your Account Isn't Verified!

In order to create a playlist on Sporcle, you need to verify the email address you used during registration. Go to your Sporcle Settings to finish the process.

Report this User

Report this user for behavior that violates our Community Guidelines.

Details: